Η γλωσσική διδασκαλία στην ελληνική δημόσια υποχρεωτική εκπαίδευση : κοινωνιογλωσσικές διαφορές και κατανόηση γραπτών κειμένων

Αποθηκεύτηκε σε:
Λεπτομέρειες βιβλιογραφικής εγγραφής
Κύριος συγγραφέας: Γκαραβέλας, Κωνσταντίνος Π.
Μορφή: Βιβλίο
Γλώσσα:Greek
Δημοσίευση: Ιωάννινα : [χ.ό.], 2013.
Θέματα:
Ετικέτες: Προσθήκη ετικέτας
Δεν υπάρχουν, Καταχωρήστε ετικέτα πρώτοι!

MARC

LEADER 00000cam a2200000 i 4500
001 1/38244
008 131113s2013 gr | ||| |||| ||gre||
020 |a 9789609352215 
035 |l 10115983 
040 |a GR-MY-UA  |b gre  |e aacr 
041 0 |a gre 
082 7 |a 489.307   |2 (22) 
100 1 |a Γκαραβέλας, Κωνσταντίνος Π. 
245 1 2 |a Η γλωσσική διδασκαλία στην ελληνική δημόσια υποχρεωτική εκπαίδευση :   |b κοινωνιογλωσσικές διαφορές και κατανόηση γραπτών κειμένων /   |c Γκαραβέλας Κωνσταντίνος.  
260 |a Ιωάννινα :   |b [χ.ό.],   |c 2013.  
300 |a 191 σ. :   |b πίν. ;   |c 24 εκ.  
504 |a Βιβλιογραφία : σ. 163-179.  
650 0 0 |a Greek language, Modern  |x Study and teaching (Elementary) 
650 0 0 |a Education  |z Greece. 
650 0 0 |a Sociolinguistics  |x Research. 
650 0 0 |a Language and languages  |x Study and teaching. 
852 |a INST  |b RHODES  |e 20131113  |h 489.307 ΓΚΑ  |p 005400035780  |q 005400035780  |t BK  |y 0 
901 |a BIBL4-2013-3 
909 |a Ρ  |b 182289 
970 |z 2013/11/13